|
|
|
|
| LEADER |
00811nab a2200217 i 4500 |
| 001 |
publ10178 |
| 005 |
20190516144634.0 |
| 008 |
170106s2013 hu o 0|| zxx d |
| 024 |
7 |
|
|a 10.4172/2167-0501.1000119
|2 doi
|
| 024 |
7 |
|
|a 2755751
|2 mtmt
|
| 040 |
|
|
|a SZTE Publicatio Repozitórium
|b hun
|
| 041 |
|
|
|a zxx
|
| 100 |
1 |
|
|a Amaral Leonard
|
| 245 |
1 |
0 |
|a Efflux Pumps that Bestow Multi-Drug Resistance of Pathogenic Gramnegative Bacteria
|h [elektronikus dokumentum] /
|c Amaral Leonard
|
| 260 |
|
|
|a Omics Publishing Group
|c 2013
|
| 300 |
|
|
|a Terjedelem: 3 p.-Azonosító: 1000119
|
| 490 |
0 |
|
|a BIOCHEMISTRY AND PHARMACOLOGY
|v 2 No. 3
|
| 700 |
0 |
1 |
|a Spengler Gabriella
|e aut
|
| 700 |
0 |
1 |
|a Martins Ana
|e aut
|
| 700 |
0 |
1 |
|a Molnár József
|e aut
|
| 856 |
4 |
0 |
|u http://publicatio.bibl.u-szeged.hu/10178/1/2755751.pdf
|z Dokumentum-elérés
|